| 000 | 00391nam a2200133 a 4500 | ||
|---|---|---|---|
| 001 | 000038393 | ||
| 005 | 20201002031239.0 | ||
| 008 | 130410s1982 dr 000 0 spa d | ||
| 040 |
_aDO-SdBNP _bspa _cBNPHU |
||
| 100 | 1 |
_aPeralta Pérez, Juan R. _964739 |
|
| 245 | 1 | 0 |
_aDiscursos congresionales / _cJuan R. Peralta Pérez. |
| 260 |
_aSanto Domingo : _b[s.n.], _c1982. |
||
| 300 |
_a51 p. ; _c22 cm. |
||
| 999 |
_c37883 _d37883 |
||